000 01236nac a22003977a 4500
001 BR7503070
003 BR-BrBNA
005 20240105113847.0
008 230509b bl.|||m| |||| 00| 0 por d
040 _aBR-BrBNA
_bpor
_cBiblioteca Nacional de Agricultura
072 _aF00
090 _a0430 BR7503070
100 1 _aBaldanzi, G.
100 1 _aSchinzel, R.L.
100 1 _aKarazawa, M.
100 1 _aOsaki, F.
110 1 _aSecretaria de Estado dos Negocios da Agricultura, Curitiba, PR (Brasil). Depto. da Producao Vegetal
_98943
245 1 _aResultados experimentais ano agricola 1972/73 [algodao, arroz, batata, centeio, cevada, feijao, milho, soja, sorgo, trigo, Brasil]
260 3 _aCuritiba, PR (Brasil):
_c1975.
300 _a101 p.
490 _aBoletim Tecnico - Secretaria de Estado dos Negocios da Agricultura. Depto. da Producao Vegetal (Brazil)
_vno. 16
_x
650 _aALGODAO
650 _aARROZ
650 _aBATATA
650 _aCENTEIO
650 _aCEVADA
650 _aFEIJAO
650 _aMILHO
650 _aSOJA
650 _aSORGO
650 _aTRIGO
650 _aPLANTIO
650 _aPARANA
909 _a202312
_bLúcia Elande
_c55
_dLúcia Elande
942 _2AGRIS
_n0
_cMS
999 _c266006
_d266006